| 000 | 00917nam a22002417a 4500 | ||
|---|---|---|---|
| 005 | 20250513150649.0 | ||
| 008 | 250513b |||||||| |||| 00| 0 eng d | ||
| 020 | _a978-93428-33-2 (pbk ) | ||
| 037 | _cTB | ||
| 040 |
_aCRL _cCRL |
||
| 041 |
_2Pun _aPun |
||
| 084 |
_aO152,1I00x 153R4,2 _qCRL |
||
| 100 |
_aਜਗਦੀਸ਼ ਲਾਲ _9784221 |
||
| 245 | _aਕਬੀਰ: ਜੀਵਨ ਅਤੇ ਬਾਣੀ | ||
| 260 |
_aਮਾਨਸਾ, ਭਾਰਤ: _bਸਹਿਤਦੀਪ ਪਬਲਿਸ਼ਰ, _c2024. |
||
| 300 | _a218 ਪ. | ||
| 365 |
_b325.00 _cINR |
||
| 650 |
_aਹਿੰਦੀ ਸਾਹਿਤ _9784222 |
||
| 650 |
_aਹਿੰਦੀ ਕਾਵਿ _9784223 |
||
| 650 |
_aਕਬੀਰ _9784224 |
||
| 942 |
_2CC _cTB _hO152,1I00x 153R4,2 _n0 |
||
| 999 |
_c1400802 _d1400802 |
||